Halifax house price index (Record no. 72068)

MARC details
000 -LEADER
fixed length control field 01230cam a2200229 4500
008 - FIXED-LENGTH DATA ELEMENTS--GENERAL INFORMATION
fixed length control field 030206n2003 000 0 eng u
035 ## - SYSTEM CONTROL NUMBER
System control number (Sirsi) u121257
245 ## - TITLE STATEMENT
Title Halifax house price index
260 ## - PUBLICATION, DISTRIBUTION, ETC.
Date of publication, distribution, etc. 2003
490 ## - SERIES STATEMENT
Series statement Halifax Building Society Press Release
Volume/sequential designation 5 February 2003 (1)
520 ## - SUMMARY, ETC.
Summary, etc. Shows house prices rising by 1.5% in January demonstrating that the market remains strong. The number of transactions and mortgage approvals confirm this trend. Three of the most important measures of the housing market, those of unemployment, interest rates and affordability show that the UK housing market is in good shape. Affordability in particular remains very good with mortgage payments representing 15% below gross earnings for a typical new borrower, well below the long run average of 22%. For the press release: http://www.hbosplc.com/view/housepriceindex/nationalcommentary.asp
590 ## - LOCAL NOTE (RLIN)
Local note WB
650 ## - SUBJECT ADDED ENTRY--TOPICAL TERM
Topical term or geographic name entry element HALIFAX HOUSE PRICE INDEX
650 ## - SUBJECT ADDED ENTRY--TOPICAL TERM
Topical term or geographic name entry element HOUSE PRICES
650 ## - SUBJECT ADDED ENTRY--TOPICAL TERM
Topical term or geographic name entry element BANK BASE RATES
650 ## - SUBJECT ADDED ENTRY--TOPICAL TERM
Topical term or geographic name entry element UNEMPLOYMENT
650 ## - SUBJECT ADDED ENTRY--TOPICAL TERM
Topical term or geographic name entry element INTEREST RATES
650 ## - SUBJECT ADDED ENTRY--TOPICAL TERM
Topical term or geographic name entry element AFFORDABILITY
650 ## - SUBJECT ADDED ENTRY--TOPICAL TERM
Topical term or geographic name entry element PROPERTY TRANSACTIONS
690 ## - LOCAL SUBJECT ADDED ENTRY--TOPICAL TERM (OCLC, RLIN)
Topical term or geographic name as entry element PROPERTY-RESIDENTIAL PROPERTY-RESIDENTIAL PROPERTY MARKET
942 ## - ADDED ENTRY ELEMENTS (KOHA)
Suppress in OPAC 0
Holdings
Withdrawn status Lost status Source of classification or shelving scheme Damaged status Not for loan Home library Current library Shelving location Date acquired Total Checkouts Barcode Date last seen Copy number Price effective from Koha item type
    Dewey Decimal Classification     London London News article 06/02/2003   121257-1001 06/08/2019 1 06/08/2019 News article